00902nam a2200265Ia 450000500170000000800410001702000150005808200180007310000250009124500750011625000390019130000420023050000270027265000180029965000300031765000250034765000260037265000370039870000280043526400500046333600270051333700330054033800280057304000350060120220317000604.0160601s2004 mx a g 000 0 spa  a968166651804a571.939bC27m1 aCereijido, Marcelino10aLa muerte y sus ventajas cMarcelino Cereijido, Fanny Blanck-Cereijido a3a. edición b2a. reimpresión  a157 páginasbilustraciones c21 cm  aIncluye bibliografía142LEMBaMuerte 142LEMBaMuerte (Biología)142LEMBaMuerte celular142LEMBaEnvejecimiento 142LEMB aFilosofía de la muerte 1 aBlanck-Cereijido, Fanny aMéxico bFondo de Cultura Económicac2004 atextobtxt2rdacontent asin mediaciónbn2rdamedia avolumenbnc2rdacarrier aCO-BoRNBPbspaerdacCO-BoRNBP